banner-ar

المتشددون المحدثون : (Record no. 62765)

MARC details
000 -الفاتح
حقل البيانات ثابتة الطول 00813nam a22002057a 4500
005 - وقت وتاريخ اخر تعامل مع التسجيلة
رقم الضبط 20240530110606.0
008 - عناصر البيانات ثابتة الطول - معلومات عامة
حقل البيانات ثابتة الطول 160507s2013 ua g b f000 0 ara d
020 ## - الرقم الدولى المعيارى للكتب
الرقم الدولى المعيارى للكتاب 9789774486104
040 ## - مصدر الفهرسة
وكالة الفهرسة الأصلية EG-CaGPL
082 04 - رقم تصنيف ديوى العشرى
رقم التصنيف 305.6\
رقم المادة س م
رقم الطبعة 21
245 02 - بيان العنوان
العنوان المتشددون المحدثون :
بقية العنوان دراسة لحركات اسلامية معاصرة /
بيان المسئوليه,etc اشراف احمد خليفه ؛ تحرير سهير لطفى.
260 ## - PUBLICATION, DISTRIBUTION, ETC. (IMPRINT)
تاريخ النشر أو التوزيع 2013.
300 ## - الوصف المادى
التعداد 2 مج. ؛
أبعاد الوعاء 24 سم.
504 ## - تبصرة ببليوجرافية
تبصرة ببليوجرافية,الخ يشتمل على ببليوجرافية.
650 04 - المدخل الاضافى بالموضوع-مصطلح موضوعى
مصطلح موضوعي الحركات الاسلامية
700 0# - المدخل الاضافى - اسم شخصى
رمز الرابط احمد خليفة
الدور مشرف.
700 0# - المدخل الاضافى - اسم شخصى
الإسم الشخصى سهير لطفى
الدور محرر.
942 ## - عناصر المدخل الإضافي( كوها)
مصدر التصنيف او مخطط الترفيف Dewey Decimal Classification
Koha [default] item type كتاب
260 ## - PUBLICATION, DISTRIBUTION, ETC. (IMPRINT)
-- القاهرة :
-- الهيئة المصرية العامة للكتاب،
Holdings
حالة التراجع حالة الفقد حالة تلف ليس للاعارة المكان المؤقت الموقع الحالى موقع الترفيف تاريخ الاكتساب اجمالي اﻻعارات رقم الطلب الباركود تاريخ اخر مشاهدة تاريخ تفعيل السعر نوع وعاء كوها
        مكتبة القاهرة الكبرى مكتبة القاهرة الكبرى القاعة الرئيسية 11/06/2016   305.6\ س م مج 1 162618 11/06/2016 11/06/2016 كتاب
        مكتبة القاهرة الكبرى مكتبة القاهرة الكبرى القاعة الرئيسية 11/06/2016   305.6\ س م مج 2 162619 11/06/2016 11/06/2016 كتاب

Powered By

EGPV